000 00649nam a2200157 a 4500
008 100209s1990 ||||||||||||||||| || u
050 _aUNDP(058)HDR
110 _aUnited Nations Development Programme (UNDP)
245 1 0 _aHuman development report 1990
_cby United Nations Development Programme (UNDP)
260 _aNew York:
_bUNDP
_c1990
300 _ax, 189p.: ill.
350 _a0.00
650 0 _aAFRICA--ECONOMIC CONDITIONS
650 _aSUSTAINABLE DEVELOPMENT--ARAB REGION
995 _D0.00
_FCBU-MAIN LIBRARY (Kitwe)
_H1
_I0.00
_M1
_UAVAILABLE
_WFeb 9, 2010
_ZInternational Publications
999 _c45885
_d45885